000
00320 a2200157 4500
001
60276
020
_a
040
_c
Anchieta - Pituba
100
_a
Bandeira, Manuel
240
1
0
_a
Poesia e prosa
_l
por
245
1
0
_a
Poesia e prosa
300
_a
1236
362
0
_a
1958
650
4
_a
Poesia portuguesa
942
_c
BK
999
_c
60276
_d
60276